San Antonio María Claret (Record no. 171171)

MARC details
000 -LEADER
campo de control de longitud fija 00877nam a2200217 i 4500
001 - NÚMERO DE CONTROL
campo de control 171171
003 - IDENTIFICADOR DE NÚMERO DE CONTROL
campo de control ES-MaACL
005 - FECHA Y HORA DE LA ÚLTIMA TRANSACCIÓN
campo de control 20250808062752.0
008 - DATOS DE LONGITUD FIJA--INFORMACIÓN GENERAL
campo de control de longitud fija 090504s1959 sp |||| | spa d
017 ## - NÚMERO DE COPYRIGHT O DE DEPÓSITO LEGAL
Número de copyright o de depósito legal M 12003-1959
100 0# - ENTRADA PRINCIPAL--NOMBRE DE PERSONA
Nombre de persona Antonio María Claret
Títulos y otros términos asociados al nombre Santo.
9 (RLIN) 21986
245 10 - MENCIÓN DEL TÍTULO
Título San Antonio María Claret
Resto del título : escritos autobiográficos y espirituales /
Mención de responsabilidad, etc. edición preparada por una comisión de padres claretianos dirigida por José María Viñas ; prólogo de Juan María Gorricho.
260 ## - PUBLICACIÓN, DISTRIBUCIÓN, ETC.
Lugar de publicación, distribución, etc. Madrid :
Nombre del editor, distribuidor, etc. La Editorial Católica,
Fecha de publicación, distribución, etc. 1959.
300 ## - DESCRIPCIÓN FÍSICA
Extensión XIV, 961 p., [1] p. de lám. ;
Dimensiones 20 cm.
490 1# - MENCIÓN DE SERIE
Mención de serie Biblioteca de autores cristianos ;
Designación de volumen o secuencia 188
700 0# - ENTRADA AGREGADA--NOMBRE PERSONAL
Nombre de persona Viñas, José María.
9 (RLIN) 115376
700 0# - ENTRADA AGREGADA--NOMBRE PERSONAL
Nombre de persona Gorricho, Juan María.
9 (RLIN) 59224
830 00 - PUNTO DE ACCESO ADICIONAL DE SERIE-TÍTULO UNIFORME
Título uniforme Biblioteca de autores cristianos
Designación de volumen o secuencia 188
9 (RLIN) 178679
852 ## - LOCALIZACIÓN
Ubicación ES-MaACL
Número de control de estantería J-184
itemnumber R.46092
Holdings
Estatus retirado Estado de pérdida Estado de daño No para préstamo Biblioteca de origen Biblioteca actual Ubicación en estantería Fecha de adquisición Fuente de adquisición Total de préstamos Signatura topográfica completa Código de barras Visto por última vez Precio de reemplazo Tipo de ítem Koha
        Biblioteca del Ateneo de Madrid Biblioteca del Ateneo de Madrid Depósito 2 04/05/2009     J-184 1179636 23/02/2023 23/02/2023 Libro impreso